| 000 | 00517nam a2200193Ia 4500 | ||
|---|---|---|---|
| 008 | 240510s9999 xx 000 0 und d | ||
| 020 | _a0001402071116 | ||
| 041 | _aEng | ||
| 082 | _a025.04 | ||
| 082 | _bM27 | ||
| 100 | _aLIN, Simon M.: JOHNSON, Kimberly F (Ed.) | ||
| 245 | 0 | _aMETHODS OF MICROARRAY DATA ANALYSIS II: Papers from CAMDA 01 | |
| 260 | _bLondon : Kluwer Academic Publishers | ||
| 260 | _c2002 | ||
| 300 | _a209 p. | ||
| 650 | _aBioinformatics:Data Analysis | ||
| 942 | _2ddc | ||
| 942 | _cRBK | ||
| 999 |
_c28407 _d28407 |
||
| 945 |
_a1 _bMadushi Gamage _c1 _dMadushi Gamage |
||